Normal view
MARC view
Entry Personal Name
001 - CONTROL NUMBER
- control field: 7206
003 - CONTROL NUMBER IDENTIFIER
- control field: OSt
005 - DATE AND TIME OF LATEST TRANSACTION
- control field: 20211028144024.0
008 - FIXED-LENGTH DATA ELEMENTS
- fixed length control field: 211028|| aca||aabn | a|a d
040 ## - CATALOGING SOURCE
- Original cataloging agency: OSt
- Transcribing agency: OSt
100 ## - HEADING--PERSONAL NAME
- Personal name: Bhat, Pushpa Shrinivas;Kairanna, Sneha.
- Miscellaneous information: 1216093
670 ## - SOURCE DATA FOUND
- Source citation: Work cat.: (OSt): Bhat, Pushpa Shrinivas;Kairanna, Sneha. 1216093, Idle time management at indevor soft tech pvt ltd., 2014